000 00265nam a2200109Ia 4500
008 220204s9999 xx 000 0 und d
082 _a327(540:73)
_bKUN
100 _aKunhi Krishnan, T V
245 0 _aUnfriendly friends
260 _aDelhi
_bHind
_c1974
942 _cBK
999 _c29080
_d29080